000
00321nam a22001337a 4500
008
170203b xxu||||| |||| 00| 0 eng d
020
_a
0713142774
041
_a
eng
080
_2
3RD
_a
61
100
_a
3
101
_a
SHM
245
_a
DISEASES OF CHILDREN IN THE SUBTROPICS AND TROPICS
_c
JELLIFFE, D.B
942
_2
udc
_c
BK
999
_c
4541
_d
4541